MyGZULibrary

Introduction to development studies / (Record no. 2064)

MARC details
000 -LEADER
fixed length control field 00998nam a2200313 a 4500
001 - CONTROL NUMBER
control field 2610833
003 - CONTROL NUMBER IDENTIFIER
control field GZU
005 - DATE AND TIME OF LATEST TRANSACTION
control field 20201027095457.0
008 - FIXED-LENGTH DATA ELEMENTS--GENERAL INFORMATION
fixed length control field 971208s1997 sa a b 001 0 eng
010 ## - LIBRARY OF CONGRESS CONTROL NUMBER
LC control number 97222801
020 ## - INTERNATIONAL STANDARD BOOK NUMBER
International Standard Book Number 1868640299
020 ## - INTERNATIONAL STANDARD BOOK NUMBER
International Standard Book Number 9780195718591
040 ## - CATALOGING SOURCE
Original cataloging agency DLC
Transcribing agency DLC
050 00 - LIBRARY OF CONGRESS CALL NUMBER
Classification number HD75
Item number INT 2000
245 00 - TITLE STATEMENT
Title Introduction to development studies /
Statement of responsibility, etc. edited by Hennie Swanepoel, Frik de Beer.
250 ## - EDITION STATEMENT
Edition statement 2nd ed.
260 ## - PUBLICATION, DISTRIBUTION, ETC.
Place of publication, distribution, etc. Johannesburg :
Name of publisher, distributor, etc. International Thomson Publishing,
Date of publication, distribution, etc. 2000.
300 ## - PHYSICAL DESCRIPTION
Extent xiii, 142 p.:
Other physical details ill. ;
Dimensions 22 cm.
504 ## - BIBLIOGRAPHY, ETC. NOTE
Bibliography, etc. note Includes bibliographical references and index.
650 #0 - SUBJECT ADDED ENTRY--TOPICAL TERM
Topical term or geographic name entry element Economic development.
650 #0 - SUBJECT ADDED ENTRY--TOPICAL TERM
Topical term or geographic name entry element Sustainable development.
650 #0 - SUBJECT ADDED ENTRY--TOPICAL TERM
Topical term or geographic name entry element Poverty.
650 #0 - SUBJECT ADDED ENTRY--TOPICAL TERM
Topical term or geographic name entry element Education.
700 1# - ADDED ENTRY--PERSONAL NAME
Personal name Swanepoel, Hennie.
Relator term editor
700 1# - ADDED ENTRY--PERSONAL NAME
Personal name De Beer, Frik.
Relator term editor
906 ## - LOCAL DATA ELEMENT F, LDF (RLIN)
a 7
b cbc
c orignew
d 3
e ncip
f 19
g y-gencatlg
942 ## - ADDED ENTRY ELEMENTS (KOHA)
Source of classification or shelving scheme Library of Congress Classification
Koha item type Books
Edition 2nd ed.
Classification part 75
Item part INT
Call number prefix HD
Holdings
Withdrawn status Lost status Source of classification or shelving scheme Damaged status Not for loan Collection code Home library Current library Shelving location Date acquired Total Checkouts Full call number Barcode Date last seen Date last checked out Copy number Price effective from Koha item type
    Library of Congress Classification     Non-fiction City Campus Library City Campus Library General Stacks 10/23/2016 3 HD75 INT 2000 027484 04/26/2024 04/19/2024 c. 1 10/27/2020 Books